Risultati del Milan in UEFA Europa League 2020-2021 - Statistics

Statistiche generali
  • Questo quiz è stato fatto 17 volte
  • Il punteggio medio è 6 su 10
Statistiche sulle risposte
Hint Risposta % Corretto
Manchester United - Milan 1-1
88%
Milan - Manchester United 0-1
76%
Milan - Sparta Praga 3-0
76%
Milan - Lilla 0-3
71%
Milan - Celtic 4-2
71%
Celtic - Milan 1-3
65%
Lilla - Milan 1-1
53%
Sparta Praga - Milan 0-1
47%
Milan - Stella Rossa 1-1
47%
Stella Rossa - Milan 2-2
41%
Nessun quiz corrispondente trovato
Distribuzione punteggi
Percentuale di utenti per punteggio
Percentile per numero di risposta
I tuoi punteggi nel tempo
Non hai fatto questo quiz